000 00291nam a22001337a 4500
008 171023b xxu||||| |||| 00| 0 eng d
020 _a0395317312
041 _aeng
080 _a311
100 _a55
101 _aSTA
245 _aBASIC BEHAVIORAL STATISTICS
_cCOX,J.R
942 _2udc
_cBK
999 _c35492
_d35492